歴代映画興行収入ベスト30 - Statistics

General Stats
  • This quiz has been taken 240 times
  • The average score is 8 of 30
Answer Stats
順位 作品名 制作会社 興行収入(億円) 公開日 邦画 % Correct
2 千と千尋の神隠し 東宝 316.8 2001/07/20 *
86%
1 劇場版「鬼滅の刃」無限列車編 東宝/アニプレックス 404.3 2020/10/16 *
81%
4 アナと雪の女王 ディズニー 255.0 2014/03/14
72%
3 タイタニック FOX 277.7 1997/12/20
55%
5 君の名は。 東宝 251.7 2016/08/26 *
49%
16 天気の子 東宝 142.3 2019/07/19 *
44%
14 崖の上のポニョ 東宝 155.0 2008/07/19 *
37%
9 ハウルの動く城 東宝 196.0 2004/11/20 *
36%
8 もののけ姫 東宝 201.8 1997/07/12 *
34%
12 アバター FOX 159.0 2009/12/23
31%
6 ONE PIECE FILM RED 東映 203.3 2022/08/06 *
27%
26 アナと雪の女王2 ディズニー 133.7 2019/11/22
25%
15 すずめの戸締まり 東宝 149.4 2022/11/11 *
23%
7 ハリー・ポッターと賢者の石 ワーナー 203.0 2001/12/01
20%
29 美女と野獣 ディズニー 124.0 2017/04/21
18%
10 踊る大捜査線 THE MOVIE2 レインボーブリッジを封鎖せよ! 東宝 173.5 2003/07/19 *
18%
18 名探偵コナン 黒鉄の魚影 東宝 138.3 2023/04/14 *
17%
11 ハリー・ポッターと秘密の部屋 ワーナー 173.0 2002/11/23
15%
23 ハリー・ポッターとアズカバンの囚人 ワーナー 135.0 2004/06/26
14%
19 劇場版 呪術廻戦 0 東宝 138.0 2021/12/24 *
14%
30 アラジン ディズニー 121.6 2019/06/07
12%
23 E.T. CIC 135.0 1982/12/04
10%
23 アルマゲドン ディズニー 135.0 1998/12/12
8%
27 ジュラシック・パーク UIP 128.5 1993/07/17
8%
13 THE FIRST SLAM DUNK 東映 157.3 2022/12/03 *
8%
20 トップガン マーヴェリック 東和ピクチャーズ 137.4 2022/05/27
6%
22 ボヘミアン・ラプソディ FOX 135.1 2018/11/09
5%
17 ザ・スーパーマリオブラザーズ・ムービー 東宝東和 140.1 2023/04/28
4%
28 スター・ウォーズ エピソード1 ファントム・メナス FOX 127.0 1999/07/10
4%
21 ラスト・サムライ ワーナー 137.0 2003/12/06
3%
No matching quizzes found
Score Distribution
Percent of People with Each Score
Percentile by Number Answered
Your Score History
You have not taken this quiz